000 01095cab a2200349 4500
001 ABS59097
008 090401t1998 xxu||||| |||| 00| 0 eng d
035 _a(Sirsi) u87415
041 _aeng
100 _aDraper, M.
245 _aRestrictive covenants and remedies
260 _c1998
350 _a0
490 _aSolicitors` Journal
_v142(26) 3 July 1998, 618-619(2)
520 _aDiscusses the main remedies available for breach of a restrictive covenant; common law damages, interlocutory injunction, final injunction and damages in lieu of an injunction.
650 _aBREACH
650 _aCOMMON LAW DAMAGES
650 _aDAMAGES
650 _aFINAL INJUNCTION
650 _aGAFFORD V GRAHAM, THE TIMES
650 _aINTERLOCUTORY INJUNCTION
650 _aJAGGARD V SAWYER
650 _aLAW OF PROPERTY ACT 1925 S84
650 _aRANSOM VALUE
650 _aREMEDIES
650 _aRESTRICTIVE COVENANTS
650 _aSHEPARD HOMES LTD V SANDHAM
650 _aSUCCESSOR IN TITLE
690 _aPROPERTY LAW AND PRACTICE
942 _n0
948 _c15/07/1998
999 _c55126
_d55126